000
00301nam a2200109 a 4500
005
20201002045809.0
008
150128s2008 000 spa d
020
_a
8489525579
245
0
_a
Ciencia, TecnologĂa & Sociedad :.
260
_a
Santo Domingo, RepĂșblica Dominicana,
_c
2008.
999
_c
44490
_d
44490
040
_a
DO-SdBNP